000 00583nam a2200181 4500
999 _c7004
_d7004
008 020611s1970 ph engQU
020 _a9711003538.
100 1 _aSheridan, Richard Brinsley
245 1 0 _aThe Filipino martyrs :
_ba story of the crime of February 4, 1899 by an eyewitnesss /
_cRichard Brinsley Sheridan.
260 _aQuezon City :
_bNew Day,
_cc1970, c1989.
300 _aviii, 124 p, :
_bill., map. ;
_c22 cm.
336 _atext
337 _aunmediated
338 _avolume
651 4 _aPhilippines
_xHistory
_y1899-1901.
942 _2lcc
_cBK